| 000 | 01513ngm a22003250a 4500 | ||
|---|---|---|---|
| 001 | PT36301 | ||
| 003 | AR-LpoUNG | ||
| 005 | 20210202000504.0 | ||
| 007 | vd cvaizq | ||
| 008 | 191001suuuu||||ag |||||||||||||||||spa d | ||
| 037 | _c$8.3 | ||
| 040 |
_aAR-LpoUNG _bspa _cAR-LpoUNG _eaacr |
||
| 041 | _aspa | ||
| 044 | _aag | ||
| 082 | 0 | _a982.062 441eva | |
| 100 | 1 |
_aDesanzo, Juan Carlos _edir. |
|
| 245 | 1 | 0 | _aEva Perón |
| 260 |
_aBuenos Aires : _bAleph Producciones, _c2007. |
||
| 300 | _aDVD (120 min.) : son., col. | ||
| 505 | 0 | _aHecha en 1996. - Créditos: Guión, José Pablo Feinmann; fotografía, Juan Carlos Lenardi; dirección de arte, Miguel Angel Lumaldo; vestuario, Leonor Puga Sabaté; montaje, Sergio Zóttola; música, José Luis Castiñeira de Dios; ambientación, Graciela Fraguglia; maquillaje, Jorge Bruno; fotógrafo de filmación, Alfredo Suárez. - Elenco: Esther Goris (María Eva Duarte de Perón), Víctor Laplace (Juan Domingo Perón), Cristina Banegas (Doña Juana Ibarguren), Pepe Novoa (Franklin Lucero), Irma Córdoba (Mercedes de Achával Junco), Lorenzo Quinteros (Gral. Eduardo Lonardi), Tony Vilas (Edelmiro Farrel). | |
| 520 | _aLa historia de una de las mujeres más amada de la Argentina, en una versión intimista en torno del poder y su relación con Juan Domingo Perón. | ||
| 650 | 4 | _aARGENTINA | |
| 650 | 4 | _aBIOGRAFIAS | |
| 650 | 4 | _aHISTORIA | |
| 651 | 4 | _aArgentina | |
| 653 | _aCINE ARGENTINO | ||
| 653 | _aVIDEOS | ||
| 905 | _a36301 | ||
| 942 | _cDVD | ||
| 999 |
_c54952 _d54952 |
||